000 00461nam a22001817a 4500
999 _c4112
_d4112
003 GBCCL
005 20241126110511.0
008 180112b xxu||||| |||| 00| 0 eng d
020 _a0805482202
040 _cgbc
082 _a248.3
_bCRE
100 _aCresch, John W.
_97865
245 _aA Prayer for All Seasons /
_cJohn W. Cresch
260 _bBroadman press,
_aNashville:
_c1971
300 _a128 p.;
_c20 cm.
650 _aPrayer
_9332
942 _2ddc
_cBK
_01